Central Library OPAC University of Rajshahi

Education in Muslim India : (Record no. 49982)

MARC details
000 -LEADER
fixed length control field 00976nam a2200277 a 4500
001 - CONTROL NUMBER
control field 49982
003 - CONTROL NUMBER IDENTIFIER
rucl marc code BD-RjUL
005 - DATE AND TIME OF LATEST TRANSACTION
control field 20211209075435.0
008 - FIXED-LENGTH DATA ELEMENTS--GENERAL INFORMATION
fixed length control field 160823r19731936ii 000 0 eng c
035 ## - SYSTEM CONTROL NUMBER
System control number (BD-RjUL)50102
040 ## - CATALOGING SOURCE
Original cataloging agency RRR
Transcribing agency RRR
Modifying agency ZCU
-- BD-RjUL
Language of cataloging eng
041 ## - LANGUAGE CODE
Language code of text/sound track or separate title eng
082 ## - DEWEY DECIMAL CLASSIFICATION NUMBER
Classification number 370.954
Edition number 23
Author mark and year JAE 1973
100 1# - MAIN ENTRY--PERSONAL NAME
Personal name Jaffar, S. M.,
Dates associated with a name 1910-
9 (RLIN) 149790
245 10 - TITLE STATEMENT
Title Education in Muslim India :
Remainder of title being an inquiry into the state of education during the Muslim period of Indian history, 1000-1800 A. C. /
Statement of responsibility, etc. by S. M. Jaffar.
250 ## - EDITION STATEMENT
Edition statement 1st ed.
260 ## - PUBLICATION, DISTRIBUTION, ETC. (IMPRINT)
Place of publication, distribution, etc. Delhi :
Name of publisher, distributor, etc. Idarah-i Adabiyat-i Delli,
Date of publication, distribution, etc. 1936, [Reprinted 1972,1973]
300 ## - PHYSICAL DESCRIPTION
Pagination xix, 261 p. ;
Size 22 cm.
490 1# - SERIES STATEMENT
Series statement IAD oriental series ;
Volume/sequential designation 16
504 ## - BIBLIOGRAPHY, ETC. NOTE
Bibliography, etc Bibliography: p. 243-246.
650 #0 - SUBJECT ADDED ENTRY--TOPICAL TERM
Topical term or geographic name as entry element Education
Geographic subdivision India
General subdivision History.
9 (RLIN) 119570
Topical term or geographic name as entry element Islamic learning and scholarship
Geographic subdivision India.
9 (RLIN) 145422
830 ## - SERIES ADDED ENTRY--UNIFORM TITLE
Uniform title IAD oriental series ;
Volume number/sequential designation 16
942 ## - ADDED ENTRY ELEMENTS (KOHA)
Source of classification or shelving scheme Dewey Decimal Classification
Koha item type Books
Holdings
Lost status Source of classification or shelving scheme Damaged status Not for loan Collection code Permanent Location Current Location Shelving location Date acquired Source of acquisition Total Checkouts Full call number Date last seen Copy number Koha item type Cost, normal purchase price
  Dewey Decimal Classification     Non-fiction Central Library, University of Rajshahi Central Library, University of Rajshahi   03/07/1974 Indian Govt.   370.954 JAE 1973 23/08/2016 C-2 Books  
  Dewey Decimal Classification     Non-fiction Central Library, University of Rajshahi Central Library, University of Rajshahi   03/07/1974 Indian Govt.   370.954 JAE 1973 23/08/2016 C-3 Books  
  Dewey Decimal Classification     Non-fiction Central Library, University of Rajshahi Central Library, University of Rajshahi   01/12/1983 Indian Govt.   370.954 JAE 1972 23/08/2016 C-4 Books  
  Dewey Decimal Classification     Non-fiction Central Library, University of Rajshahi Central Library, University of Rajshahi   17/03/1979 India international, kolcutta   370.954 JAE 1972 23/08/2016 C-5 Books 35.00